Groupes de musique par image - Statistiques

Statistiques générales
  • Ce quiz a été pris 383 fois
  • Le résultat moyen est 12 sur 20
Statistiques - réponses
Par images Réponse % Correct
Queen
99%
The Beatles
98%
Jackson 5
92%
Indochine
76%
Maneskin
75%
Coldplay
68%
Nirvana
66%
AC/DC
65%
Black Eyed Peas
61%
Imagine Dragons
61%
The Rolling Stones
60%
Sexion d'Assaut
56%
Spice Girls
56%
Destiny's Child
52%
Oasis
52%
Metallica
40%
Shaka Ponk
39%
The Cure
37%
Muse
35%
System of a Down
30%
Aucun quiz correspondant
Distribution des résultats
% des personnes avec chaque résultat
Percentile par nombre de réponses
Votre historique - résultats
Vous n’avez pas pris ce quiz